000 00535 a2200133 4500
082 _aMSIT-8
100 _aMuhammad Mudassar
_984364
245 _aRDF overlay for HDFS and HBase
_cMuhammad Mudassar
260 _aIslamabad
_bNUST School of Electrical Engineering and Computer Science
_c2011.
300 _aviii, 48p.
_b:ill.
_c;27cm.+
_eCD-ROM
500 _aSupervisors: Dr. Khalid Latif, Dr. Sharifullah Khan, Dr. Zahid Anwar, Muhammad Bilal
856 _uhttp://10.250.8.41:8080/xmlui/handle/123456789/10244
942 _cPR
_kMSIT-8 MUD
_2ddc
999 _c10504
_d10504